000
00282nam a2200121Ia 4500
008
190216s9999||||xx |||||||||||||| ||und||
100
_a
Dash Un
245
0
_a
Nuclear Chemistry
260
_b
Sulthan Chand&Sons
_c
1991
300
_a
610p
650
_a
Chemistry-Chemistry
942
_c
BK
999
_c
3032
_d
3032